Normal view
MARC view
- العبادي، هاشم فوزي /م.مشارك جليل كاظم العارضي
Entry Personal Name
001 - CONTROL NUMBER
- control field: 58037
003 - CONTROL NUMBER IDENTIFIER
- control field: JO-AjAnu
005 - DATE AND TIME OF LATEST TRANSACTION
- control field: 20230606083511.0
008 - FIXED-LENGTH DATA ELEMENTS
- fixed length control field: 230606|| aca||aabn | a|a d
040 ## - CATALOGING SOURCE
- Original cataloging agency: JO-AjAnu
- Transcribing agency: JO-AjAnu
100 ## - HEADING--PERSONAL NAME
- Personal name: العبادي، هاشم فوزي /م.مشارك جليل كاظم العارضي
670 ## - SOURCE DATA FOUND
- Source citation: Work cat.: (JO-AjAnu)29610: العبادي، هاشم فوزي /م.مشارك جليل كاظم العارضي, author, نظم إدارة المعلومات: منظور إستراتيجي